| 000 | 00555nam a2200217Ia 4500 | ||
|---|---|---|---|
| 003 | OSt | ||
| 005 | 20140312141937.0 | ||
| 008 | 140130s9999 xx 000 0 und d | ||
| 020 | _a0439678056 | ||
| 050 |
_aPZ 7 _b.P924j27 2005 |
||
| 100 | _aPreller, James | ||
| 245 |
_cJames Preller _aThe Case of the Frog-Jumping Contest / |
||
| 260 |
_bScholastic, _c2005. _aNew York : |
||
| 300 |
_a79 p. : _bill. ; _c21 cm. |
||
| 440 |
_v#27 _aJigsaw Jones Mystery |
||
| 521 | _aG2 | ||
| 526 | _c450 | ||
| 942 |
_cBK _2lcc |
||
| 999 |
_c40393 _d40393 |
||